000 00382nam a2200145Ia 4500
008 230917s9999||||xx |||||||||||||| ||und||
040 _e83480
_aMAIN
041 _aEnglish
082 _a823.09 K146R
100 _aKarl, Frederick R
245 0 _aReader's guide to great 20th century: English novels
260 _aLondon
_bThames and Hudson
_c1959
300 _a293 p.
942 _cBK
999 _c49478
_d49478